| 000 | 00858nam a22002417a 4500 | ||
|---|---|---|---|
| 003 | OSt | ||
| 005 | 20250718083228.0 | ||
| 008 | 250718b |||||||| |||| 00| 0 eng d | ||
| 020 | _a0071475516 | ||
| 040 |
_aDWCL-Main lib _cOC |
||
| 082 | _aCirc. 650.14 D366p 2007 | ||
| 100 | _aDeluca, Matthew J. | ||
| 245 |
_aPerfect phrases for negotiating salary and job offers : _bhundreds of ready-to-use phrases to help you get the best possible salary, perks, or promotion/ _cMatthew J. Deluca |
||
| 260 |
_a[U.S.?] : _bMcGraw-Hill Education, _cc2007. |
||
| 300 |
_a xiii, 177 pages ; _c 21 cm |
||
| 650 | _a1. Employee interviewing. | ||
| 650 | _a2. Job offers. | ||
| 650 | _a3. Salaries. | ||
| 650 | _a4. Employee fringe benefits. | ||
| 650 | _a5. Promotions. | ||
| 650 | _a6. Negotiations in business--Terminology. | ||
| 942 |
_2ddc _cBK-CIRC _kCirc. _n0 |
||
| 999 |
_c3775 _d3775 |
||